Implementácia finančnejPerspektívy Balanced Scorecard v konkrétnom podniku diplomová práca

Enregistré dans:
Détails bibliographiques
Auteur principal: Karell, Sebastián
Collectivité auteur: Fakulta podnikového manažmentu EU. Katedra podnikových financií
Autres auteurs: Markovič, Peter, 1974-
Format: Livre
Langue:slovaque
Publié: Bratislava 2008
Tags: Ajouter un tag
Pas de tags, Soyez le premier à ajouter un tag!

MARC

LEADER 00000nam$a2200000$$$4500
001 0088842
005 20240201115315.1
041 0 |a slo 
044 |a SK 
245 1 0 |a Implementácia finančnejPerspektívy Balanced Scorecard v konkrétnom podniku  |b diplomová práca  |c Sebastián Karell ; škol. Peter Markovič 
264 1 |a Bratislava  |c 2008 
300 |a 60 s. 
100 1 |a Karell, Sebastián 
700 1 |a Markovič, Peter, 1974- 
710 2 |a Fakulta podnikového manažmentu EU. Katedra podnikových financií